Calling a halt to mindless change (Record no. 85019)

MARC details
000 -LEADER
fixed length control field 00538nam a2200205Ia 4500
005 - DATE AND TIME OF LATEST TRANSACTION
control field 20251113205902.0
008 - FIXED-LENGTH DATA ELEMENTS--GENERAL INFORMATION
fixed length control field 230125s9999 xx 000 0 und d
020 ## - INTERNATIONAL STANDARD BOOK NUMBER
International Standard Book Number 0-8144-0349-2
041 ## - LANGUAGE CODE
Language code of text/sound track or separate title eng
082 ## - DEWEY DECIMAL CLASSIFICATION NUMBER
Classification number 158.1
Item number BHA
100 ## - MAIN ENTRY--PERSONAL NAME
Author Macdonald J
245 ## - TITLE STATEMENT
Title Calling a halt to mindless change
260 ## - PUBLICATION, DISTRIBUTION, ETC.
Date of publication, distribution, etc. 1998
Name of publisher, distributor, etc. Amacom
Place of publication, distribution, etc. New York
300 ## - PHYSICAL DESCRIPTION
Extent 255p
500 ## - GENERAL NOTE
Keywords Change management
500 ## - GENERAL NOTE
Keywords Personality Development,
650 ## - SUBJECT ADDED ENTRY--TOPICAL TERM
Topical term or geographic name entry element Personality Development
700 ## - ADDED ENTRY--PERSONAL NAME
Personal name Macdonald J
942 ## - ADDED ENTRY ELEMENTS (KOHA)
Koha item type Books
Holdings
Withdrawn status Lost status Damaged status Not for loan Home library Current library Date acquired Vendor Net Price Total Checkouts Full call number Barcode Date last seen Actual Price Bill Date Koha item type Original Barcode
        Smt. Hiraben Nanavati Institute of Management & Research for Women Smt. Hiraben Nanavati Institute of Management & Research for Women 28/03/2002 System sales 970.00   158.1 BHA B03070 HIMR-BK-3070 25/01/2023 970.00 28/03/2002 Books B03070